| 000 | 00507nam a2200193Ia 4500 | ||
|---|---|---|---|
| 008 | 220531s9999 xx 000 0 und d | ||
| 041 | _aeng | ||
| 082 |
_a- _bPAW / DES |
||
| 100 |
_aPawar, K. R. / Desai, A. E. _969195 |
||
| 245 | _aAnimal Systematics And Diversity-iv And Applied Zoology-ii | ||
| 250 | _a1ST | ||
| 260 |
_aPune _bNirali _c2014 |
||
| 300 | _a2.74 | ||
| 542 | _d19-11-2014 | ||
| 551 | _aScience | ||
| 650 |
_aZoology _969196 |
||
| 906 |
_d2014-2015 _f7089 |
||
| 999 |
_c38829 _d38829 |
||